| 000 | 00460nim a22001817a 4500 | ||
|---|---|---|---|
| 005 | 20240418112532.0 | ||
| 008 | 150302b xxu||||| |||| 00| 0 ES d | ||
| 020 | _a9780857778765 | ||
| 041 | _aInglés | ||
| 100 | _aTaylor, John | ||
| 245 | _aPolice | ||
| 260 | _aEstados Unidos | ||
| 260 | _bExpress Publishing | ||
| 260 | _c2012 | ||
| 300 | _a1 CD-ROM | ||
| 500 | _aEste disco compacto viene acompañado del libro Police. 428.3 / T238p. | ||
| 942 | _cCD | ||
| 999 |
_c8048 _d8048 |
||